| 000 | 00634nam a2200181 a 4500 | ||
|---|---|---|---|
| 001 | 3026 | ||
| 005 | 20140414131849.0 | ||
| 008 | 060131s19uu xx 00 eng d | ||
| 020 | _a0-590-48401-X | ||
| 050 |
_aM 507.8 _bM34 1996 |
||
| 100 | _aMarkle, Sandra | ||
| 245 |
_aScience surprises / _cby Sandra Markle ; illustrated by Otani. |
||
| 260 |
_aNew York : _bScholastic, _c1996. |
||
| 300 | _a63 p. : ill. ; cm. | ||
| 520 | _aYou'll be amazed by these and other hands-on activties in this book. You will also read real-life science surprise stories! | ||
| 650 |
_aScience - Experiments _xJuvenile literature. |
||
| 999 |
_c110092 _d110092 |
||